| 000 | 00383 a2200169 4500 | ||
|---|---|---|---|
| 001 | 45737 | ||
| 020 | _a8526006185 | ||
| 040 | _cAnchieta - Aquarius | ||
| 100 | _aAngthichay | ||
| 240 | 1 | 0 |
_aO povo Pataxó e suas histórias _lpor |
| 245 | 1 | 0 | _aO povo Pataxó e suas histórias |
| 300 | _a47 | ||
| 362 | 0 | _a1999 | |
| 440 | 1 | _aGlobal | |
| 650 | 4 | _aLiteratura juvenil | |
| 942 | _cBK | ||
| 999 |
_c45737 _d45737 |
||